000 00531nam a2200181Ia 4500
008 100920s9999 xx 000 0 und d
082 _b96608
_a891.463.1 न 06
100 _aदेसाई माधवी.
245 _aदेवराई.
260 _bदिलीप प्रकाशन,मुंबई.
_c2006
300 _a168
_bसाधी
365 _b150
520 _aलघुकथा.
630 _aदेवराई.
650 _aलघुकथा.
730 _aदेवराई.
942 _cBOOK
999 _c737047
_d737044